LEADER 01065cam0 2200313 450 001 000000182 005 20081110115645.0 010 $a88-15-00751-2 100 $a19991222d1985----km-y0itay50------ba 101 0 $aita 102 $aIT 105 $ay-------001yy 200 1 $aProblemi dello sviluppo tardivo in Europa$erapporto su sei paesi appartenenti all'OCSE$fGiorgio Fuà 210 $aBologna$cIl Mulino$d1985 215 $a163 p.$d22 cm 225 2 $aStudi e ricerche$v194 305 $aNuova ed. 410 0$12001$aStudi e ricerche 451 0$1001000019076 500 10$aProblemi dello sviluppo tardivo in Europa$932396 610 1 $aSviluppo economico$aEuropa$a1938-1977 676 $a330.94$v11$9Situazioni e condizioni economiche. Europa 676 $a330.94$v19$9Situazioni e condizioni economiche. Europa 700 1$aFuà,$bGiorgio$0249893 801 0$aIT$bUNIPARTHENOPE$gRICA$2UNIMARC 912 $a000000182 951 $a337-P/1$b29473$cNAVA1$d19991223 996 $aProblemi dello sviluppo tardivo in Europa$932396 997 $aUNIPARTHENOPE LEADER 00996nam0 2200277 4500 001 000031485 005 20170606152545.0 010 $a978-88-14-21584-1 100 $a20170606d--------km-y0itay50------ba 101 0 $aita 102 $aIT 105 $ay-------001yy 200 1 $aPratiche commerciali scorrette e consumatore medio$fMichele Bertani 210 $aMilano$cGiuffrè$d2016 215 $a96 p.$d24 cm. 225 2 $aQuaderni di Giurisprudenza commerciale$v398 410 0$12001$aQuaderni di Giurisprudenza commerciale$v398 500 10$aPratiche commerciali scorrette e consumatore medio$91473867 610 1 $aCommercio$aRegolamenti$aDiritto$aItalia 676 $a343.4508$v22$9Diritto in materia di commercio. Italia 700 1$aBertani,$bMichele$4070$0278309 801 0$aIT$bUNIPARTHENOPE$c20170426$gRICA$2UNIMARC 912 $a000031485 951 $a343-P/29$b46371$cNAVA1$d2017 996 $aPratiche commerciali scorrette e consumatore medio$91473867 997 $aUNIPARTHENOPE